000 00467nam a2200193Ia 4500
005 20250603144542.0
008 250603s9999 xx 000 0 und d
020 _a9788122420920
050 _aQD 101.2 K46/
100 _aKhopkar, S. M.
245 0 _aBasic concepts of analytical chemistry
250 _a3rd ed.
260 _aNew delhi
260 _bnew age international
260 _c2015
300 _a604 p
650 _aNew delhi
942 _cBK
999 _c39259
_d39259